[Event "23rd Chicago Open"]
[Site "Wheeling, IL"]
[Date "2014.05.26"]
[Round "8.32"]
[White "Nieto, Manuel"]
[Black "Haessel, Dale"]
[Result "1/2-1/2"]
[WhiteElo "2043"]
[BlackElo "2181"]
[PlyCount "113"]
[EventDate "2014.05.??"]
[EventRounds "9"]
[EventCountry "USA"]
[SourceDate "2014.01.04"]

1. d4 Nf6 2. c4 g6 3. Nc3 d5 4. cxd5 Nxd5 5. Bd2 Bg7 6. e4 Nb6 7. Be3 O-O 8.
Be2 Nc6 9. d5 Ne5 10. Bd4 c6 11. f4 Ned7 12. dxc6 bxc6 13. Nf3 e5 14. Bxe5 Nxe5
15. fxe5 Be6 16. Qd4 Qe7 17. Qd6 Qb7 18. Nd4 Nc4 19. Qc5 Qxb2 20. O-O Nxe5 21.
Rab1 Qd2 22. Nxe6 fxe6 23. Rfd1 Qg5 24. Kh1 Nf7 25. Qxg5 Nxg5 26. Rdc1 Rab8 27.
h4 Bxc3 28. Rxb8 Rxb8 29. hxg5 Be5 30. Bc4 Kf7 31. Bb3 Rc8 32. Rc5 Bd4 33. Rc4
Be3 34. Ra4 Rc7 35. Ra5 Ke7 36. Re5 Kd6 37. Rxe6+ Kc5 38. Ba4 Bxg5 39. Bxc6
Rxc6 40. Re5+ Kd4 41. Rxg5 Ra6 42. e5 Kd5 43. Rg3 Rxa2 44. Rh3 h5 45. Re3 Ra6
46. Kh2 Re6 47. Ra3 a6 48. Ra5+ Kc4 49. Kg3 g5 50. Kf3 Kb4 51. Rd5 a5 52. Ke4
a4 53. Kf5 Re8 54. Kxg5 Rg8+ 55. Kf6 Rxg2 56. e6 Rf2+ 57. Rf5 1/2-1/2

[Event "23rd Chicago Open"]
[Site "Wheeling, IL"]
[Date "2014.05.26"]
[Round "9.3"]
[White "Kannappan, Priyadharshan"]
[Black "Troff, Kayden"]
[Result "1-0"]
[WhiteElo "2420"]
[BlackElo "2484"]
[PlyCount "115"]
[EventDate "2014.05.??"]
[EventRounds "9"]
[EventCountry "USA"]
[SourceDate "2014.01.04"]
[WhiteClock "0:47:31"]
[BlackClock "0:00:29"]

1. e4 c5 2. Nf3 d6 3. Bb5+ Bd7 4. c4 Nc6 5. Nc3 Nf6 6. d4 cxd4 7. Nxd4 g6 8. h3
Bg7 9. Be3 O-O 10. O-O a6 11. Bxc6 bxc6 12. c5 dxc5 13. Nb3 c4 14. Nc5 Qc7 15.
Qe2 Bc8 16. Qxc4 Nd7 17. Rac1 Nxc5 18. Qxc5 Be6 19. b3 Be5 20. Na4 Bh2+ 21. Kh1
Bd6 22. Qc3 Be5 23. Qc2 Bf4 24. Rfe1 Bxe3 25. Rxe3 Rfd8 26. Nc5 Qe5 27. Rd3 Qf6
28. Rcd1 Rdb8 29. Kg1 a5 30. Qc3 Qxc3 31. Rxc3 Rb6 32. f4 Kg7 33. Kf2 Kf8 34.
g4 Ke8 35. f5 Bc8 36. Ke3 Ba6 37. h4 Rd8 38. Rxd8+ Kxd8 39. Rc2 Bc8 40. Na4 Ra6
41. Kf4 h6 42. Nc5 Rb6 43. Rc4 Kc7 44. g5 h5 45. Ke5 Rb5 46. a4 Rb8 47. Rd4 Rb6
48. Rc4 Rb8 49. Rc3 Rb4 50. fxg6 fxg6 51. Nd3 Rb8 52. Nf4 Bg4 53. Nxg6 Bd1 54.
Nxe7 Rxb3 55. Rxb3 Bxb3 56. g6 Kd7 57. Kf6 Be6 58. Nxc6 1-0

[Event "23rd Chicago Open"]
[Site "Wheeling, IL"]
[Date "2014.05.26"]
[Round "9.4"]
[White "Macieja, Bartlomiej"]
[Black "Sevian, Samuel"]
[Result "1-0"]
[WhiteElo "2605"]
[BlackElo "2446"]
[PlyCount "135"]
[EventDate "2014.05.??"]
[EventRounds "9"]
[EventCountry "USA"]
[SourceDate "2014.01.04"]
[WhiteClock "0:08:42"]
[BlackClock "0:05:14"]

1. e4 e5 2. Nf3 Nc6 3. Bb5 a6 4. Ba4 Nf6 5. O-O Be7 6. Re1 b5 7. Bb3 O-O 8. d3
d6 9. c3 Na5 10. Bc2 c5 11. Nbd2 Nc6 12. Nf1 h6 13. Ng3 Be6 14. Bb3 c4 15. dxc4
bxc4 16. Ba4 Na5 17. b4 cxb3 18. axb3 Qc7 19. Nh4 Rfb8 20. c4 Nb7 21. Nhf5 Bf8
22. Qf3 Kh8 23. Nxh6 Nh7 24. Nhf5 Nc5 25. h4 Qa5 26. Ba3 Nxa4 27. bxa4 Rd8 28.
Red1 Qxa4 29. Bxd6 Qxc4 30. Bxe5 f6 31. Bd6 Bxd6 32. Rxd6 Rxd6 33. Nxd6 Qc6 34.
Ndf5 Qd7 35. Rd1 Qf7 36. Nh5 Bxf5 37. exf5 Re8 38. Nf4 Kg8 39. Qc6 Nf8 40. Qxa6
Re5 41. Qc8 Re8 42. Rd8 Rxd8 43. Qxd8 Kh7 44. g3 g6 45. fxg6+ Nxg6 46. Qd5 Qxd5
47. Nxd5 Kg7 48. Kf1 Kf7 49. Ke2 f5 50. Ke3 Ne5 51. Kf4 Nd3+ 52. Kxf5 Nxf2 53.
g4 Nh1 54. Nf4 Ng3+ 55. Ke5 Nf1 56. Nd5 Nd2 57. Kf4 Nc4 58. Ne3 Nd6 59. h5 Nb7
60. g5 Nc5 61. Ke5 Nd7+ 62. Kf5 Nf8 63. g6+ Kg7 64. Ng4 Kg8 65. h6 Kh8 66. g7+
Kh7 67. Nf6+ Kxh6 68. gxf8=B# 1-0

[Event "23rd Chicago Open"]
[Site "Wheeling, IL"]
[Date "2014.05.26"]
[Round "9.6"]
[White "Bregadze, Levan"]
[Black "Jimenez, Fidel"]
[Result "0-1"]
[WhiteElo "2428"]
[BlackElo "2577"]
[PlyCount "116"]
[EventDate "2014.05.??"]
[EventRounds "9"]
[EventCountry "USA"]
[SourceDate "2014.01.04"]

1. Nf3 d5 2. g3 c6 3. Bg2 Nf6 4. b3 Bg4 5. Bb2 Nbd7 6. O-O e6 7. c4 Bd6 8. d4
O-O 9. Nbd2 Rc8 10. Ne5 Bh5 11. Qe1 b5 12. Nxd7 Qxd7 13. c5 Bc7 14. a4 a6 15.
e4 dxe4 16. Nxe4 Nd5 17. axb5 axb5 18. f4 Bg6 19. Qd2 Ra8 20. Nf2 Rfd8 21. Ng4
h5 22. Ne5 Bxe5 23. dxe5 Qc7 24. Rxa8 Rxa8 25. Ra1 Rxa1+ 26. Bxa1 Qa7 27. Bd4
Qa3 28. Bxd5 exd5 29. Qb2 b4 30. Kf2 Bf5 31. e6 Qxb2+ 32. Bxb2 Bxe6 33. Ke3 Kh7
34. Kd4 f6 35. Bc1 Kg6 36. Bd2 Kf5 37. h3 Kg6 38. h4 Kf5 39. Bxb4 Kg4 40. Be1
Kf3 41. Kd3 Bc8 42. Kd2 Ba6 43. Kd1 Bb5 44. Kd2 Be2 45. b4 Ba6 46. Kd1 Bb5 47.
Kd2 Be2 48. f5 Bb5 49. Kc3 Ke3 50. Bd2+ Ke4 51. Bf4 d4+ 52. Kd2 Kxf5 53. Bd6
Kg4 54. Bf8 Kxg3 55. Bxg7 Kxh4 56. Bxf6+ Kg3 57. Bxd4 h4 58. Ke1 Kg2 0-1

[Event "23rd Chicago Open"]
[Site "Wheeling, IL"]
[Date "2014.05.26"]
[Round "9.7"]
[White "Holt, Conrad"]
[Black "Mulyar, Michael"]
[Result "1-0"]
[WhiteElo "2555"]
[BlackElo "2417"]
[PlyCount "79"]
[EventDate "2014.05.??"]
[EventRounds "9"]
[EventCountry "USA"]
[SourceDate "2014.01.04"]

1. d4 d5 2. c4 c6 3. Nf3 Nf6 4. Nc3 e6 5. Bg5 dxc4 6. e4 b5 7. e5 h6 8. Bh4 g5
9. Nxg5 hxg5 10. Bxg5 Nbd7 11. exf6 Bb7 12. g3 c5 13. d5 Qb6 14. Bg2 O-O-O 15.
O-O b4 16. Rb1 Qa6 17. dxe6 Bxg2 18. e7 Bxf1 19. Kxf1 Qe6 20. Qf3 Qh3+ 21. Ke1
Qe6+ 22. Ne2 Bxe7 23. fxe7 Rde8 24. Rd1 Nb6 25. Bf6 Rhg8 26. h4 Rxe7 27. Bxe7
Qxe7 28. h5 Qe6 29. Kf1 Rd8 30. Rxd8+ Kxd8 31. g4 c3 32. bxc3 Qxa2 33. cxb4
cxb4 34. Qf6+ Kd7 35. h6 b3 36. Qxf7+ Kd6 37. Qf6+ Kd7 38. Nc3 Qa1+ 39. Kg2 b2
40. h7 1-0

[Event "23rd Chicago Open"]
[Site "Wheeling, IL"]
[Date "2014.05.26"]
[Round "9.8"]
[White "Hoyos, Manuel"]
[Black "Lee, Michael"]
[Result "0-1"]
[WhiteElo "2525"]
[BlackElo "2394"]
[PlyCount "146"]
[EventDate "2014.05.??"]
[EventRounds "9"]
[EventCountry "USA"]
[SourceDate "2014.01.04"]

1. c4 Nf6 2. Nc3 e5 3. Nf3 Nc6 4. g3 Bb4 5. Bg2 O-O 6. O-O e4 7. Ng5 Bxc3 8.
bxc3 Re8 9. f3 exf3 10. Nxf3 Qe7 11. d4 h6 12. e4 Nxe4 13. Re1 Qf8 14. d5 Nxc3
15. Qd2 Ne4 16. Qf4 g5 17. Qxc7 Nb8 18. Qa5 d6 19. Nd4 Nc5 20. Rxe8 Qxe8 21.
Qd2 Nbd7 22. Nf5 Qf8 23. Bb2 Ne5 24. Ne3 f6 25. Rf1 Qe7 26. Qd1 Bd7 27. Qh5 Kg7
28. Bd4 Qe8 29. Qd1 b6 30. Rf2 Rb8 31. Qf1 Qg6 32. a4 Qd3 33. Qxd3 Ncxd3 34.
Ra2 Nc1 35. Rb2 Ncd3 36. Rb1 Nc5 37. a5 f5 38. Bh3 Kg6 39. Bg2 f4 40. Bxc5 dxc5
41. Be4+ Kg7 42. gxf4 gxf4 43. Ng2 Nxc4 44. axb6 axb6 45. Ra1 Nd6 46. Bf3 Rf8
47. Ra7 Rf7 48. Bh5 Nc8 49. Rb7 Re7 50. Nxf4 Kf6 51. d6 Rg7+ 52. Kf2 Ke5 53.
Ne2 Kxd6 54. Nc3 Re7 55. Rb8 Kc7 56. Ra8 Bc6 57. Ra1 b5 58. Rc1 Nd6 59. Bf3
Bxf3 60. Kxf3 Kc6 61. Ra1 Rf7+ 62. Ke2 Rb7 63. Kd3 b4 64. Nd1 Kb5 65. Ra8 Nc4
66. Kc2 Na3+ 67. Kb3 c4+ 68. Kb2 Kc6 69. Ne3 Re7 70. Nf5 Re2+ 71. Kc1 Rxh2 72.
Rc8+ Kd7 73. Rb8 c3 0-1

[Event "23rd Chicago Open"]
[Site "Wheeling, IL"]
[Date "2014.05.26"]
[Round "9.10"]
[White "Homa, Seth"]
[Black "Gurevich, Dmitry"]
[Result "0-1"]
[WhiteElo "2331"]
[BlackElo "2475"]
[PlyCount "84"]
[EventDate "2014.05.??"]
[EventRounds "9"]
[EventCountry "USA"]
[SourceDate "2014.01.04"]

1. d4 Nf6 2. Nf3 e6 3. Bg5 c5 4. e3 cxd4 5. exd4 b6 6. Bd3 Bb7 7. O-O Be7 8. c4
O-O 9. Nc3 d5 10. Bxf6 Bxf6 11. cxd5 exd5 12. Qb3 g6 13. Rfe1 Bg7 14. Rac1 a6
15. a4 Ra7 16. Rcd1 Ba8 17. Bf1 Qd6 18. g3 Nd7 19. Bg2 Nf6 20. Ne5 Rc7 21. Rc1
Bb7 22. Rc2 Bc8 23. Rce2 Be6 24. Re3 Ne4 25. Bxe4 dxe4 26. d5 Rxc3 27. bxc3
Bxd5 28. c4 Ba8 29. f4 exf3 30. Nxf3 Qc5 31. Kf1 Qc6 32. Rb1 h5 33. Qd3 Bh6 34.
Re7 Qf6 35. Re4 Rd8 36. Qe2 Bxe4 37. Qxe4 Bf8 38. Kg2 Bc5 39. Rf1 Kg7 40. Qb7
Re8 41. Qxa6 Re2+ 42. Kh1 Re1 0-1

[Event "23rd Chicago Open"]
[Site "Wheeling, IL"]
[Date "2014.05.26"]
[Round "9.15"]
[White "Schmakel, Sam"]
[Black "Santarius, Erik"]
[Result "1/2-1/2"]
[WhiteElo "2306"]
[BlackElo "2337"]
[PlyCount "112"]
[EventDate "2014.05.??"]
[EventRounds "9"]
[EventCountry "USA"]
[SourceDate "2014.01.04"]

1. d4 Nf6 2. c4 e6 3. Nf3 b6 4. g3 Ba6 5. Nbd2 Bb4 6. Qa4 Bxd2+ 7. Bxd2 O-O 8.
Bg2 Bb7 9. O-O d6 10. b4 Nbd7 11. Qb3 Qe7 12. a4 c5 13. bxc5 dxc5 14. a5 Rfc8
15. axb6 Nxb6 16. dxc5 Qxc5 17. Rac1 Ba6 18. Be3 Bxc4 19. Qb2 Qb5 20. Qxb5 Bxb5
21. Nd4 Bc4 22. Nc6 Nfd5 23. Bxd5 Bxd5 24. Ne7+ Kf8 25. Nxc8 Rxc8 26. Bxb6 Rxc1
27. Rxc1 axb6 28. f3 b5 29. Rc7 g5 30. Kf2 h6 31. e4 Bc4 32. Ke3 Kg7 33. f4 Kg6
34. Kd4 gxf4 35. gxf4 f5 36. e5 Kh5 37. Rg7 Bd5 38. Kc5 Bc4 39. Rg3 Kh4 40. Kd4
Bd5 41. Kc5 Bc4 42. Kb4 Kh5 43. Kc3 Bd5 44. Kd4 b4 45. Kd3 b3 46. Kc3 Kh4 47.
Rd3 Be4 48. Rd6 Kg4 49. Rxe6 Kxf4 50. Rxh6 Kxe5 51. Kxb3 Kd4 52. h4 f4 53. Rf6
f3 54. h5 Ke5 55. Rxf3 Bxf3 56. Kc3 Bxh5 1/2-1/2

[Event "23rd Chicago Open"]
[Site "Wheeling, IL"]
[Date "2014.05.26"]
[Round "9.16"]
[White "Sapozhnikov, Roman"]
[Black "Velikanov, Alexander"]
[Result "1/2-1/2"]
[WhiteElo "2329"]
[BlackElo "2252"]
[PlyCount "99"]
[EventDate "2014.05.??"]
[EventRounds "9"]
[EventCountry "USA"]
[SourceDate "2014.01.04"]

1. d4 Nf6 2. c4 e6 3. Nc3 Bb4 4. Qc2 c5 5. dxc5 Bxc5 6. a3 b6 7. Nf3 Bb7 8. Bf4
O-O 9. e3 d5 10. Rd1 h6 11. Bd3 Nc6 12. b4 Bd6 13. cxd5 exd5 14. Bxd6 Qxd6 15.
Nb5 Qe7 16. Nbd4 Nxd4 17. Nxd4 Rac8 18. Qb2 Qc7 19. O-O Ng4 20. g3 Ne5 21. Be2
Qc3 22. Qa2 Rfd8 23. Rd2 Qc7 24. Rc2 Qd7 25. Rfc1 Rxc2 26. Rxc2 Rc8 27. Rxc8+
Qxc8 28. Qc2 Qxc2 29. Nxc2 Nc6 30. Bf3 Ne5 31. Bg2 Nc4 32. f4 Kf8 33. Kf2 Ke7
34. h4 g6 35. h5 Kd6 36. hxg6 fxg6 37. Bf1 Nd2 38. Bd3 Ne4+ 39. Kf3 Nd2+ 40.
Ke2 Ne4 41. Bxe4 dxe4 42. Kd2 Kd5 43. Kc3 Bc8 44. b5 Kc5 45. Nd4 Bf5 46. a4 Bd7
47. Nb3+ Kd5 48. Nd2 Bf5 49. Nc4 g5 50. fxg5 1/2-1/2

[Event "23rd Chicago Open"]
[Site "Wheeling, IL"]
[Date "2014.05.26"]
[Round "9.17"]
[White "Ostrovskiy, Aleksandr"]
[Black "Tang, Andrew"]
[Result "1/2-1/2"]
[WhiteElo "2436"]
[BlackElo "2219"]
[PlyCount "55"]
[EventDate "2014.05.??"]
[EventRounds "9"]
[EventCountry "USA"]
[SourceDate "2014.01.04"]

1. e4 e5 2. Nf3 Nc6 3. Bb5 a6 4. Ba4 Nf6 5. O-O Be7 6. Re1 b5 7. Bb3 d6 8. c3
O-O 9. h3 Bb7 10. d4 Re8 11. Ng5 Rf8 12. Nf3 Re8 13. d5 Nb8 14. Nbd2 Nbd7 15.
Nf1 Nc5 16. Bc2 c6 17. b4 Ncd7 18. dxc6 Bxc6 19. Bg5 h6 20. Bxf6 Nxf6 21. Ng3
Bf8 22. Bb3 Qc7 23. Rc1 Rad8 24. c4 Qb7 25. Qe2 bxc4 26. Bxc4 Bb5 27. a3 Rc8
28. Bxb5 1/2-1/2

[Event "23rd Chicago Open"]
[Site "Wheeling, IL"]
[Date "2014.05.26"]
[Round "9.19"]
[White "Drake, Jason"]
[Black "Francisco, Richard"]
[Result "0-1"]
[WhiteElo "2161"]
[BlackElo "2263"]
[PlyCount "52"]
[EventDate "2014.05.??"]
[EventRounds "9"]
[EventCountry "USA"]
[SourceDate "2014.01.04"]

1. e4 e5 2. Nf3 Nc6 3. Nc3 Nf6 4. Bb5 Bc5 5. d3 O-O 6. Bxc6 dxc6 7. Bg5 Re8 8.
Ne2 Bg4 9. Qd2 Be7 10. Ng3 Nd7 11. Be3 c5 12. Nf5 Bf8 13. O-O-O Qf6 14. Bg5 Qe6
15. Kb1 Bxf5 16. exf5 Qxf5 17. Nh4 Qe6 18. f4 h6 19. f5 Qc6 20. Be3 Nf6 21. h3
Rad8 22. Qf2 c4 23. Rhe1 cxd3 24. cxd3 Nd5 25. Nf3 Nb4 26. d4 Qe4+ 0-1

[Event "23rd Chicago Open"]
[Site "Wheeling, IL"]
[Date "2014.05.26"]
[Round "9.21"]
[White "Li, Ethan"]
[Black "King, Alexander"]
[Result "1/2-1/2"]
[WhiteElo "2138"]
[BlackElo "2231"]
[PlyCount "130"]
[EventDate "2014.05.??"]
[EventRounds "9"]
[EventCountry "USA"]
[SourceDate "2014.01.04"]

1. d4 d5 2. c4 c6 3. Nf3 Nf6 4. e3 Bf5 5. Bd3 Bxd3 6. Qxd3 e6 7. Nbd2 Nbd7 8.
b3 Be7 9. O-O O-O 10. e4 dxe4 11. Nxe4 Nxe4 12. Qxe4 a5 13. Bb2 a4 14. Ne5 Nxe5
15. Qxe5 Bf6 16. Qe3 axb3 17. axb3 Qb6 18. Rxa8 Rxa8 19. Rd1 Rd8 20. Rd3 Rd7
21. Qd2 Qd8 22. f4 c5 23. d5 Bxb2 24. Qxb2 exd5 25. Qe5 Re7 26. Qxd5 Re1+ 27.
Kf2 Qe8 28. Qd8 Re2+ 29. Kf3 Re3+ 30. Kg4 h5+ 31. Kxh5 Qxd8 32. Rxd8+ Kh7 33.
Rd7 Rxb3 34. Rxf7 Rb2 35. g4 Rxh2+ 36. Kg5 b6 37. f5 Kg8 38. Re7 Kf8 39. Re6
Rb2 40. Kg6 Rb4 41. g5 Rxc4 42. Rxb6 Rb4 43. Rc6 Rb8 44. Rxc5 Kg8 45. Rc7 Kh8
46. Kf7 Rb5 47. Kg6 Rb8 48. Rc3 Kg8 49. Re3 Ra8 50. Re7 Kh8 51. Kf7 Ra5 52. f6
gxf6 53. Re2 Ra7+ 54. Kg6 Rg7+ 55. Kxf6 Kh7 56. Rh2+ Kg8 57. Rb2 Rf7+ 58. Kg6
Rg7+ 59. Kh5 Rh7+ 60. Kg4 Ra7 61. Rb8+ Kg7 62. Kh5 Ra6 63. Rb7+ Kg8 64. Re7 Rb6
65. g6 Rb1 1/2-1/2

[Event "23rd Chicago Open"]
[Site "Wheeling, IL"]
[Date "2014.05.26"]
[Round "9.29"]
[White "Haessel, Dale"]
[Black "Aripov, Iskandar"]
[Result "1/2-1/2"]
[WhiteElo "2181"]
[BlackElo "2231"]
[PlyCount "154"]
[EventDate "2014.05.??"]
[EventRounds "9"]
[EventCountry "USA"]
[SourceDate "2014.01.04"]

1. Nf3 d5 2. d4 Nf6 3. c4 c6 4. e3 e6 5. Nc3 Nbd7 6. Bd3 dxc4 7. Bxc4 b5 8. Bd3
a6 9. a4 Bb7 10. O-O b4 11. Ne4 c5 12. Nxf6+ Nxf6 13. dxc5 Bxc5 14. Qe2 a5 15.
e4 O-O 16. e5 Bxf3 17. Qxf3 Nd7 18. Qe4 f5 19. exf6 Nxf6 20. Qxe6+ Kh8 21. Qf5
Qd5 22. Qxd5 Nxd5 23. Bg5 Nf4 24. Rad1 Rae8 25. Bb5 Re5 26. Bh4 g5 27. Bg3 h5
28. h4 gxh4 29. Bxh4 Re4 30. Bg5 Nxg2 31. Rd5 Rg4 32. Kh1 Nh4 33. Rxc5 Rf3 34.
Bf6+ Rxf6 35. Rxh5+ Kg7 36. Rg1 Rfg6 37. Rxg4 Rxg4 38. Bc6 Rc4 39. Bb7 Rc1+ 40.
Kh2 Ng6 41. Rxa5 Rb1 42. Be4 Rxb2 43. Ra7+ Kf6 44. Ra6+ Ke5 45. Bxg6 Rxf2+ 46.
Kg3 Ra2 47. Kf3 Kd4 48. Bf7 Ra3+ 49. Ke2 Kc3 50. a5 b3 51. Rc6+ Kb4 52. a6 b2
53. Bg6 Kb5 54. Rc8 Kb6 55. Rb8+ Ka7 56. Rxb2 Rxa6 57. Be4 Rb6 58. Rc2 Rd6 59.
Ke3 Kb6 60. Kf4 Rd8 61. Ke5 Re8+ 62. Kd4 Rd8+ 63. Bd5 Rh8 64. Rb2+ Kc7 65. Rb7+
Kd6 66. Rb6+ Ke7 67. Rg6 Rh4+ 68. Kc5 Rh2 69. Re6+ Kf8 70. Kd6 Kg7 71. Ke7 Rd2
72. Be4 Rf2 73. Rg6+ Kh8 74. Ke6 Rb2 75. Rg4 Rb6+ 76. Kf7 Rf6+ 77. Ke7 Re6+
1/2-1/2

[Event "23rd Chicago Open"]
[Site "Wheeling, IL"]
[Date "2014.05.26"]
[Round "9.31"]
[White "Nieto, Manuel"]
[Black "Smail, Benedict"]
[Result "1/2-1/2"]
[WhiteElo "2043"]
[BlackElo "2093"]
[PlyCount "116"]
[EventDate "2014.05.??"]
[EventRounds "9"]
[EventCountry "USA"]
[SourceDate "2014.01.04"]

1. d4 Nf6 2. c4 e6 3. Nc3 Bb4 4. Qc2 O-O 5. a3 Bxc3+ 6. Qxc3 b5 7. cxb5 c6 8.
Nf3 cxb5 9. Bg5 Ne4 10. Bxd8 Nxc3 11. bxc3 Rxd8 12. e4 Bb7 13. Nd2 Rc8 14. Bxb5
Rxc3 15. Ke2 Nc6 16. Nf3 Rc8 17. Rhd1 Na5 18. d5 exd5 19. exd5 R8c5 20. Bxd7
Bxd5 21. Rab1 g6 22. a4 Nb3 23. Bb5 Bxf3+ 24. gxf3 Rc2+ 25. Ke3 R5c3+ 26. Rd3
Nc5 27. Rxc3 Rxc3+ 28. Kd4 Nxa4 29. Ra1 Rxf3 30. Rxa4 Rxf2 31. h3 Rf4+ 32. Ke3
Rxa4 33. Bxa4 Kg7 34. Kf4 Kf6 35. h4 h6 36. Bb3 a5 37. Kg4 Kg7 38. Kf4 h5 39.
Ba4 f6 40. Bb5 Kh6 41. Be8 g5+ 42. Kg3 f5 43. Bd7 f4+ 44. Kf3 Kg6 45. Be8+ Kf5
46. Bxh5 gxh4 47. Bg4+ Ke5 48. Bd7 h3 49. Bxh3 a4 50. Bf1 Kd4 51. Bh3 Kd5 52.
Bf5 a3 53. Bh7 Ke5 54. Bg8 Kd4 55. Kxf4 Kc3 56. Ke3 Kb2 57. Kd2 a2 58. Bxa2
Kxa2 1/2-1/2

[Event "23rd Chicago Open"]
[Site "Wheeling, IL"]
[Date "2014.05.26"]
[Round "9.33"]
[White "Nieto, Guillermo"]
[Black "Kadavil, Suresh"]
[Result "1-0"]
[WhiteElo "2015"]
[BlackElo "1553"]
[PlyCount "109"]
[EventDate "2014.05.??"]
[EventRounds "9"]
[EventCountry "USA"]
[SourceDate "2014.01.04"]

1. e4 d6 2. d4 e5 3. dxe5 dxe5 4. Qxd8+ Kxd8 5. Nf3 Bd6 6. Bc4 Be6 7. Bxe6 fxe6
8. O-O Nf6 9. Nbd2 b5 10. a4 c6 11. b3 Nbd7 12. Bb2 Ke7 13. Rfe1 h6 14. axb5
cxb5 15. Ra5 a6 16. Rea1 Nc5 17. Bxe5 Rhc8 18. Bxd6+ Kxd6 19. e5+ Kd5 20. c4+
bxc4 21. bxc4+ Kc6 22. exf6 gxf6 23. h3 e5 24. R5a3 Rd8 25. Nb3 Nxb3 26. Rxb3
Kc5 27. Rba3 Rd6 28. Ra4 e4 29. Nh4 Rb6 30. Nf5 h5 31. Ne3 Kd4 32. Nd5 Rc6 33.
Rd1+ Ke5 34. Ne3 Rc5 35. Rd5+ Rxd5 36. Nxd5 a5 37. Kf1 f5 38. g3 h4 39. gxh4 f4
40. Nc3 f3 41. c5 Rb8 42. Rxe4+ Kf5 43. Re3 Kf4 44. Nd5+ Kf5 45. Rxf3+ Ke5 46.
Nb6 Ke4 47. Ra3 Rd8 48. Ke2 Kf4 49. c6 Re8+ 50. Re3 Rd8 51. c7 Rg8 52. c8=Q
Rxc8 53. Nxc8 a4 54. Nb6 a3 55. Rxa3 1-0